000
00336nam a2200145Ia 4500
008
210312s9999||||xx |||||||||||||| ||und||
041
_a
osm
050
_a
TX19
050
_b
M44.R44
100
_a
Mehmed İzzet
245
0
_a
Rehber-i umur-ı beytiyye
260
_c
1320
500
_a
2. cilt
650
_a
Ev ekonomisi--Türkiye--Tarih
999
_c
22173
_d
22173